[Event "Lippstadt"]
[Site "Lippstadt"]
[Date "1995.??.??"]
[Round "9"]
[White "Wehmeier, Stefan"]
[Black "Forster, Richard"]
[Result "1-0"]
[WhiteElo "2410"]
[BlackElo "2370"]

1.d4 Nf6 2.c4 g6 3.Nc3 Bg7 4.e4 d6 5.Nf3 O-O 6.Be2 e5 7.O-O Nc6 8.d5 Ne7
9.Be3 Ng4 10.Bg5 h6 11.Bh4 f5 12.Nd2 Nf6 13.f3 g5 14.Bf2 f4 15.c5 Ng6 16.cxd6 cxd6
17.Nc4 g4 18.fxg4 b5 19.Nxb5 Nxe4 20.Bxa7 Ba6 21.Bb6 Qb8 22.a4 Rc8 23.Bf2 Nxf2
24.Rxf2 Bxb5 25.axb5 Rxa1 26.Qxa1 e4 27.Kh1 Qxb5 28.Nxd6 Qb6 29.Nxc8 Qxf2
30.Qf1 Qc5 31.Ba6 Ne5 32.d6 Nd3 33.h3 Nf2+ 34.Kh2 Qe3 35.Ne7+ Kh7 36.Nf5 Qd2
37.d7 Be5 38.d8=Q f3+ 39.Ng3 Bxg3+ 40.Kxg3 Qxd8 41.Kxf2 Qb6+ 42.Ke1 Qa5+
43.Kd1 Qa1+ 44.Kc2 Qa4+ 45.Kc3 Qa5+ 46.Kb3 Qb6+ 47.Kc2 fxg2 48.Qxg2 Qc6+
49.Kb1 Qxa6 50.Qxe4+ Kg7 51.Kc2 Qf1 52.Qd4+ Kg8 53.Qd3 Qg2+ 54.Kc3 Kg7 55.b4 Qa2
56.b5  1-0

[Event "Litomysl op"]
[Site "Litomysl"]
[Date "1995.??.??"]
[Round "3"]
[White "Koutsin, Sergey"]
[Black "Jirovsky, Petr"]
[Result "1-0"]
[WhiteElo "2455"]
[BlackElo "2255"]

1.d4 Nf6 2.Nf3 g6 3.c4 Bg7 4.Nc3 O-O 5.e4 d6 6.Be2 e5 7.O-O Nc6 8.d5 Ne7
9.Ne1 Ne8 10.Be3 f5 11.f3 f4 12.Bf2 g5 13.c5 Rf7 14.a4 h5 15.a5 Bf8 16.Nb5 dxc5
17.Bxc5 Ng6 18.Nd3 Nf6 19.Bxf8 Nxf8 20.Nxe5 Rg7 21.Bc4 Kh7 22.Qd4 a6 23.Nc3 g4
24.Ne2 gxf3 25.Rxf3 Bg4 26.Nxg4 Nxg4 27.Nxf4 Qg5 28.Raf1 h4 29.Nh3 Qe7 30.Rf5 Nd7
31.Rh5+ Nh6 32.e5  1-0

[Event "Litomysl op"]
[Site "Litomysl"]
[Date "1995.??.??"]
[Round "5"]
[White "Szczesniak, Konrad"]
[Black "Jirovsky, Petr"]
[Result "1-0"]
[WhiteElo "2180"]
[BlackElo "2255"]

1.d4 Nf6 2.c4 g6 3.Nc3 Bg7 4.e4 d6 5.Be2 O-O 6.Nf3 e5 7.O-O Nc6 8.d5 Ne7
9.Ne1 Ne8 10.f3 f5 11.g4 Kh8 12.Nd3 Ng8 13.c5 Bh6 14.Kg2 Kg7 15.h3 Bxc1 16.Rxc1 h5
17.cxd6 cxd6 18.Qd2 f4 19.Bd1 Qg5 20.Qf2 hxg4 21.hxg4 Ngf6 22.Rh1 Rh8 23.Rxh8 Kxh8
24.Be2 Kg7 25.Rh1 Bd7 26.Kf1 Nc7 27.Nb4 Rf8 28.Qxa7 Bxg4 29.Qg1 Nh5 30.Qxg4 Ng3+
31.Kg1 Qxg4 32.fxg4 Nxh1 33.Kxh1 f3 34.Bf1 Rf4 35.Kg1 Rxg4+ 36.Kf2 Rf4 37.Nd3 Rf6
38.Ne1 g5 39.Kg3 Kg6 40.Nxf3 Rf4 41.Bh3 Rf8 42.Bf5+ Kf6 43.Nh2 Rh8 44.a4 Ke7
45.a5 Na6 46.Na2 b6 47.b4 bxa5 48.bxa5 Rb8 49.Nc1 Rb5 50.Bc8 Rxa5 51.Bxa6 Rxa6
52.Kg4 Kf6 53.Nf3 Ra8 54.Nd3 Ra2 55.Kg3 g4 56.Nh2 Kg5 57.Nxg4 Ra3 58.Nf2 Rc3
59.Kf3 Kh4 60.Ke3 Kg3 61.Nd1 Rc2 62.N1b2 Kg4 63.Na4 Rh2 64.Nab2 Rc2 65.Na4 Rh2
66.Nc3 Rh3+ 67.Ke2 Rh2+ 68.Nf2+ Kg3 69.Nd1 Kf4 70.Ne3 Rh8 71.Nf5 Rd8 72.Kd3 Rb8
73.Nxd6 Rb6 74.Nc4 Rb3+ 75.Ke2 Rc3 76.Nd2 Re3+ 77.Kd1 Rc3 78.Ke2 Re3+ 79.Kf1 Ra3
80.Nd1 Rh3 81.Nb2 Ke3 82.Nbc4+ Kd4 83.Ke2 Rh2+ 84.Kd1 Rh4 85.d6 Rh3 86.Ke2 Rg3
87.Kf2 Rh3 88.Kg2 Rd3 89.Kf2 Rh3 90.Ke2 Rg3 91.Kd1 Rh3 92.Kc2 Rg3 93.d7 Rg8
94.Na5 Kc5 95.d8=Q  1-0

[Event "Litomysl op"]
[Site "Litomysl"]
[Date "1995.??.??"]
[Round "5"]
[White "Movsesian, Sergei"]
[Black "Jakubiec, Artur"]
[Result "1-0"]
[WhiteElo "2470"]
[BlackElo "2410"]

1.d4 Nf6 2.c4 d6 3.Nf3 g6 4.Nc3 Bg7 5.e4 O-O 6.Be2 e5 7.O-O Nc6 8.Be3 Ng4
9.Bg5 f6 10.Bc1 Kh8 11.d5 Ne7 12.Ne1 Nh6 13.Nd3 f5 14.f4 Nf7 15.Kh1 a6 16.a4 a5
17.Bd2 c6 18.Qb3 fxe4 19.Nxe4 Nf5 20.Bc3 Qh4 21.Qb6 g5 22.Be1 Qh6 23.fxg5 Qg6
24.Ndf2 Nd4 25.Bd3 Nxg5 26.Ng3 Qe8 27.Nfe4 Rxf1+ 28.Bxf1 Nxe4 29.Nxe4 Qe7
30.c5 cxd5 31.cxd6 Qf8 32.Ng3 Nc6 33.Qc7 Qd8 34.Qxd8+ Nxd8 35.Bb5 Nc6 36.Rc1 Bd7
37.Nh5 Re8 38.Bxa5 Re6 39.Nxg7 Kxg7 40.Bc7 e4 41.Bxc6 bxc6 42.a5 e3 43.a6 e2
44.Ba5 c5 45.a7 Rf6 46.h3 Rf8 47.Rxc5 Kf6 48.Rc2 Ra8 49.Bc3+ Kg6 50.Rxe2 Rxa7
51.Re7  1-0

[Event "SLO-ch (Women)"]
[Site "Ljubljana"]
[Date "1995.??.??"]
[Round "?"]
[White "Vospernik, Mira"]
[Black "Grosar, Kiti"]
[Result "1/2-1/2"]
[WhiteElo "2130"]
[BlackElo "2225"]

1.d4 Nf6 2.Nf3 g6 3.c4 Bg7 4.Nc3 O-O 5.e4 d6 6.Be2 e5 7.O-O Nc6 8.d5 Ne7
9.Bg5 h6 10.Bh4 Nh5 11.Nd2 Nf4 12.f3 f5 13.b4 Rf7 14.Rc1 b6 15.c5 g5 16.Bf2 Neg6
17.Bc4 Bf8 18.exf5 Bxf5 19.Nde4 Nh4 20.Bxh4 gxh4 21.Rc2 Rg7 22.Kh1 Nh5 23.Rd2 bxc5
24.bxc5 Kh8 25.Rb2 Ng3+ 26.Nxg3 hxg3 27.hxg3 Rxg3 28.Qe2 Qh4+ 29.Kg1 Be7
30.Ne4 Bxe4 31.Qxe4 Qxe4 32.fxe4 Rc3 33.cxd6 Bxd6 34.Be2 Rg8 35.Bf3 Bc5+
36.Kh2 Bb6 37.Rfb1 Rg6 38.Rb3 Rc2 39.R3b2 Rc3 40.Rb3 Rc5 41.Rb5 Rc2 42.R5b2  1/2-1/2

[Event "POL-chT"]
[Site "Lubniewice"]
[Date "1995.??.??"]
[Round "4"]
[White "Perdek, Miroslaw"]
[Black "Ciruk, Jerzy"]
[Result "1/2-1/2"]
[WhiteElo "2300"]
[BlackElo "2230"]

1.d4 Nf6 2.Nf3 g6 3.c4 Bg7 4.Nc3 O-O 5.e4 d6 6.Be2 e5 7.O-O Nc6 8.d5 Ne7
9.Ne1 Nd7 10.Nd3 f5 11.Bd2 Nf6 12.f3 f4 13.c5 g5 14.Rc1 Ng6 15.cxd6 cxd6
16.Nb5 Rf7 17.Qc2 Ne8 18.a4 Bd7 19.Nf2 Bf8 20.Qb3 h5 21.Rc2 a6 22.Na3 Rg7
23.h3 Nf6 24.a5 Nh4 25.Be1 g4 26.hxg4 hxg4 27.Nxg4 Nxg4 28.fxg4 Rb8 29.Bf3 Be7
30.Qb6 Bxg4 31.Qxd8+ Bxd8 32.Bxg4 Rxg4 33.Nc4 Rc8 34.Rff2 Be7 35.Nxe5 Rxc2
36.Nxg4 Rc1 37.Rf1 Ng6 38.Nh6+ Kh7 39.Nf5 Bf8 40.Bd2 Rc4 41.Bxf4 Nxf4 42.Rxf4 Rb4
43.Rf3 Rxb2 44.Rc3 Kg6 45.Rc8 Kf7 46.Rc7+ Ke8 47.Rc4 Kd7 48.Kh2 Ra2 49.Nd4 Be7
50.Ne6 Bd8 51.Rb4 Bxa5 52.Rxb7+ Ke8 53.Ng7+ Kd8 54.Nf5 Bc3 55.Kh3 Be5 56.Ne7 Ra4
57.Nc6+ Kc8 58.Ra7 Rxe4 59.Rxa6 Re3+ 60.Kh4 Bg3+ 61.Kg4 Bh2 62.Kf5 Bg3 63.Ra8+ Kc7
64.Rg8 Kb6 65.Rg4 Kc5 66.Re4  1/2-1/2

[Event "POL-chT"]
[Site "Lubniewice"]
[Date "1995.??.??"]
[Round "9"]
[White "Perdek, Miroslaw"]
[Black "Stypka, Mieczyslaw"]
[Result "1/2-1/2"]
[WhiteElo "2300"]
[BlackElo "2235"]

1.d4 Nf6 2.Nf3 g6 3.c4 Bg7 4.Nc3 O-O 5.e4 d6 6.Be2 e5 7.O-O Nc6 8.d5 Ne7
9.Ne1 Nd7 10.Nd3 f5 11.Bd2 Kh8 12.Rc1 c5 13.f3 a6 14.Rb1 Nf6 15.b4 b6 16.bxc5 bxc5
17.Rb2 Neg8 18.Nf2 Bh6 19.Bxh6 Nxh6 20.Qd2 f4 21.Bd1 g5 22.h3 Nf7 23.Ba4 h5
24.Rfb1 Rg8 25.Rb8 Ra7 26.Qb2 Nh6 27.Qb6 Rc7 28.Kf1 Nf7  1/2-1/2

[Event "POL-chT"]
[Site "Lubniewice"]
[Date "1995.??.??"]
[Round "11"]
[White "Litinskaya, Marta I"]
[Black "Lukasiewicz, Anna"]
[Result "1/2-1/2"]
[WhiteElo "2350"]
[BlackElo "2170"]

1.d4 Nf6 2.c4 g6 3.Nc3 Bg7 4.e4 d6 5.Nf3 O-O 6.Be2 e5 7.O-O Nc6 8.Be3 Re8
9.dxe5 dxe5 10.h3 h6 11.c5 Be6 12.Bb5 Bd7 13.a3 Nd4 14.Bxd7 Nxf3+ 15.Qxf3 Nxd7
16.Rad1 c6 17.Rd2 Qe7 18.Na4 Nf8 19.Rfd1 Rad8 20.Qe2 Ne6 21.Rxd8 Rxd8 22.Rxd8+ Qxd8
23.Qd2 Qxd2 24.Bxd2 Bf8 25.b4 f6 26.Be3 h5 27.Nb2 Kf7 28.Nc4 Nd8 29.Kf1 Ke8
30.Ke2 Kd7 31.Kd3 Ne6 32.g3 g5 33.f3 Be7 34.Nb2 h4 35.g4  1/2-1/2

[Event "Lyon op"]
[Site "Lyon"]
[Date "1995.??.??"]
[Round "7"]
[White "Komarov, Dimitri"]
[Black "Georgiev, Krum"]
[Result "1-0"]
[WhiteElo "2575"]
[BlackElo "2445"]

1.d4 Nf6 2.c4 g6 3.Nc3 Bg7 4.e4 d6 5.Nf3 O-O 6.Be2 e5 7.O-O Nc6 8.d5 Ne7
9.Nd2 a5 10.a3 Bd7 11.b3 Nc8 12.Qc2 Nb6 13.a4 Re8 14.Ba3 Bf8 15.Nb5 c5 16.dxc6 Bxc6
17.Rfd1 Qc8 18.Nc3 Nbd7 19.Nf1 Nc5 20.Bxc5 dxc5 21.Ne3 h5 22.Ned5 Be7 23.Rd3 Nd7
24.Qd2 Qd8 25.Rd1 Bg5 26.Qe1 Nf8 27.Nb5 Bxb5 28.cxb5 b6 29.Rg3 Ne6 30.Bc4 Bh4
31.Rh3 Bg5 32.Rg3 Bh4 33.Rgd3 Nd4 34.Qf1 Bg5 35.g3 Bh6 36.Qg2 Qd6 37.Rf1 Ra7
38.Kh1 Kh7 39.f4 Bg7 40.f5 gxf5 41.exf5 e4 42.Re3 Re5 43.f6 Bh6 44.Rxe4 Rxd5
45.Re8 Rg5 46.Qe4+ Rg6 47.Re7  1-0

[Event "Lyon op"]
[Site "Lyon"]
[Date "1995.??.??"]
[Round "9"]
[White "Tiero, F."]
[Black "Fejzovski, Ekrem"]
[Result "1-0"]
[WhiteElo "1770"]
[BlackElo "2220"]

1.d4 d6 2.Nf3 Nf6 3.c4 g6 4.Nc3 Bg7 5.e4 O-O 6.Be2 Nc6 7.O-O e5 8.d5 Ne7
9.Ne1 Ne8 10.f4 f5 11.Nd3 fxe4 12.Nxe4 Bf5 13.Ndf2 c6 14.Qb3 cxd5 15.cxd5 Bxe4
16.Nxe4 Nf5 17.Bc4 Rc8 18.Bd2 Nd4 19.Qd3 b5 20.Bb3 Qb6 21.Kh1 exf4 22.Bxf4 a5
23.Be3 Nc7 24.a3 a4 25.Ba2 b4 26.Rad1 b3 27.Rxf8+ Rxf8 28.Bb1 Nxd5 29.Bg1 Nf4
30.Bxd4 Nxd3 31.Bxb6 Nxb2 32.Re1 Nc4 33.Bc7 Be5 34.Bd3 Nxa3 35.Nxd6 b2 36.g3 Rf3
37.Be4 b1=Q 38.Bxb1 Nxb1 39.Rxe5 a3 40.Ra5 Rc3 41.Ra8+ Kg7 42.Nb5 Rc5 43.Nd4 Rd5
44.Ra6 Kh6 45.Nf3 Rc5 46.Be5 Rc1+ 47.Kg2 Rc2+ 48.Kh3 a2 49.Kg4 a1=Q 50.Rxa1 Nc3
51.Ra6 Nd5 52.h4 Ne3+ 53.Kh3  1-0

[Event "Mainz op"]
[Site "Mainz"]
[Date "1995.??.??"]
[Round "7"]
[White "Hartmann, Wolfram"]
[Black "Bloessl, Walter"]
[Result "1/2-1/2"]
[WhiteElo "2275"]
[BlackElo "2220"]

1.d4 Nf6 2.c4 g6 3.Nc3 Bg7 4.e4 d6 5.Be2 O-O 6.Nf3 e5 7.O-O Nc6 8.d5 Ne7
9.Ne1 Nd7 10.f3 f5 11.Be3 f4 12.Bf2 g5 13.a4 a5 14.Nb5 b6 15.b4 axb4 16.Nd3 Nf6
17.Nxb4 Bd7 18.Qc2 Kh8 19.Ra3 Rg8 20.Rfa1 Bf8 21.a5 Rxa5 22.Rxa5 bxa5 23.Rxa5 c5
24.dxc6 Qxa5 25.cxd7 Nxd7 26.Nd5 Nxd5 27.exd5 g4 28.fxg4 Qa1+ 29.Bf1 Nf6
30.h3 Be7 31.Qf5 Ne8  1/2-1/2

[Event "Mainz op"]
[Site "Mainz"]
[Date "1995.??.??"]
[Round "7"]
[White "Sher, Miron N"]
[Black "Bewersdorff, Oliver"]
[Result "1/2-1/2"]
[WhiteElo "2510"]
[BlackElo "2355"]

1.d4 Nf6 2.c4 g6 3.Nc3 Bg7 4.e4 d6 5.Nf3 O-O 6.Be2 e5 7.O-O Nc6 8.d5 Ne7
9.Nd2 a5 10.b3 Ne8 11.Ba3 b6 12.Nb5 f5 13.b4 axb4 14.Bxb4 c6 15.dxc6 Nxc6
16.Bc3 Be6 17.a4 Rc8 18.Rc1 Rf7 19.Bd3 Nf6 20.Re1 Qf8 21.exf5 gxf5 22.Bf1 Bh6
23.Rc2 Rd7 24.Qb1 Qf7 25.Rb2 Rdd8 26.Rc2 Rd7 27.Rb2 Rdd8 28.Rc2  1/2-1/2

[Event "CRO-chT"]
[Site "Makarska Tucepi"]
[Date "1995.??.??"]
[Round "?"]
[White "Kovacevic, Blazimir"]
[Black "Jovanic, Ognjen"]
[Result "0-1"]
[WhiteElo "2340"]
[BlackElo "2295"]

1.d4 Nf6 2.c4 g6 3.Nf3 Bg7 4.Nc3 d6 5.e4 O-O 6.Be2 e5 7.O-O Nc6 8.d5 Ne7
9.Ne1 Nd7 10.Nd3 f5 11.f3 f4 12.Bd2 g5 13.g4 h5 14.h3 Rf7 15.Kg2 Bf8 16.Be1 Ng6
17.Bf2 Nh4+ 18.Bxh4 gxh4 19.Rh1 Rg7 20.b4 Nf6 21.Kf1 a5 22.a3 c6 23.dxc6 bxc6
24.Nxe5 Qb6 25.c5 dxc5 26.Qb3+ Kh7 27.b5 cxb5 28.Bxb5 Qd6 29.Nd3 Be6 30.Qc2 Qd4
31.e5 Nd5 32.Nxf4+ Kh8 33.Nxe6 Ne3+ 34.Kf2 Nxg4+ 35.Ke1 Qe3+ 36.Be2 Qf2+
37.Kd2 Rd7+ 38.Kc1 Bh6+ 39.f4 Qe3+ 40.Kb1 Rb8+ 41.Bb5 Rd2 42.Qb3 Nxe5 43.fxe5 Qd3+
44.Bxd3 Rxb3+ 45.Kc1 Rxc3+ 46.Kb1 Rb3+ 47.Kc1 Rbxd3  0-1

[Event "Capablanca mem-C"]
[Site "Matanzas"]
[Date "1995.??.??"]
[Round "3"]
[White "Rivera, Alberto"]
[Black "Pupo, Emilio"]
[Result "1/2-1/2"]
[WhiteElo "2370"]
[BlackElo "2320"]

1.d4 Nf6 2.Nf3 g6 3.c4 Bg7 4.Nc3 O-O 5.e4 d6 6.Be2 e5 7.O-O Nc6 8.d5 Ne7
9.Nd2 a5 10.b3 Nd7 11.Ba3 Nc5 12.b4 axb4 13.Bxb4 Bd7 14.a4 Nc8 15.a5 f5 16.Bxc5 dxc5
17.Nb3 Qe7 18.Bd3 Kh8 19.Qe2 Rb8 20.Rfb1 Bf6 21.Na4 Bxa4 22.Rxa4 f4 23.Qg4 Ra8
24.Rba1 Ra6 25.Be2 Kg7 26.Qh3 h5 27.R4a2 Rd8 28.Ra4 Qf8 29.Qc3 Re8 30.Qb2 Kh6
31.R4a3 Bd8 32.Nd2 Nd6 33.Rh3 Bg5 34.Bg4 Bf6 35.Bd7 Rea8 36.Rha3 R6a7 37.Qc3 Qd8
38.Be6 Ra6 39.Qd3 R8a7 40.g3 Qa8 41.Nb3 b5 42.Nxc5 Rxa5 43.Rxa5 Rxa5 44.Rxa5 Qxa5
45.cxb5 Qb4 46.Nd7 Nxe4 47.b6 cxb6 48.Nxf6 Nxf6 49.d6 Qe1+ 50.Qf1 Qd2 51.gxf4 Qxd6
52.f5 e4 53.Qc1+ Kg7 54.h3 Nh7 55.Qa1+ Kh6 56.Qc1+ g5 57.Qc3 Qd3 58.Qc6 Nf6
59.Bc8 Qd4 60.Qe6 g4 61.hxg4 Qd1+ 62.Kh2 Kg5 63.Qe7 Qd4 64.Kg2 Qc3 65.Kg1 hxg4
66.Qg7+ Kf4 67.Qh6+ Kf3 68.Qh1+ Ke2 69.Ba6+ Kd2 70.Qh6+ Ke1 71.Qg5 e3 72.fxe3 Ne4
73.Qf4 Qc2 74.Qf1+ Kd2 75.Qe2+ Kc1 76.Qxc2+ Kxc2 77.Bb7 Nd6 78.f6 Kd3 79.Kf2 g3+
80.Kxg3 Kxe3 81.Bd5  1/2-1/2

[Event "Capablanca mem"]
[Site "Matanzas"]
[Date "1995.??.??"]
[Round "4"]
[White "Van Wely, Loek"]
[Black "Zapata, Alonso"]
[Result "1-0"]
[WhiteElo "2575"]
[BlackElo "2535"]

1.d4 Nf6 2.c4 g6 3.Nc3 Bg7 4.e4 d6 5.Nf3 O-O 6.Be2 e5 7.O-O Nc6 8.d5 Ne7
9.b4 Nh5 10.g3 f5 11.Ng5 Nf6 12.f3 f4 13.Kg2 Nh5 14.g4 Bf6 15.Ne6 Bxe6 16.dxe6 Ng7
17.c5 Kh8 18.cxd6 cxd6 19.Nb5 Nc8 20.Bc4 Re8 21.Bd5 Re7 22.Qb3 Qe8 23.a4 a6
24.Nc3 Nxe6 25.Bxe6 Rxe6 26.Nd5 Bd8 27.Bb2 Nb6 28.Nxf4 Rf6 29.Ne2 Rc8 30.Rfc1 Rxc1
31.Bxc1 Qe6 32.Qxe6 Rxe6 33.a5 Nd7 34.Be3 Kg7 35.Rc1 Kf7 36.Rc8 Re8 37.Nc3 Rf8
38.Nd5 Ke6 39.Bh6 Rh8 40.Kf1 Bf6 41.Rc7 Rb8 42.Rxd7 Kxd7 43.Nxf6+ Ke6 44.Nxh7 Rc8
45.Bd2 Rc2 46.Ke2 Ra2 47.Ng5+ Kf6 48.Nh3 Ke6 49.Nf2 Rc2 50.h4 Rc8 51.h5 gxh5
52.gxh5 Rh8 53.h6 Kf6 54.f4  1-0

[Event "Capablanca mem-B"]
[Site "Matanzas"]
[Date "1995.??.??"]
[Round "7"]
[White "Hernandez, Roman"]
[Black "Rabelo Gil, Eddy"]
[Result "1/2-1/2"]
[WhiteElo "2435"]
[BlackElo "2395"]

1.d4 Nf6 2.Nf3 g6 3.c4 Bg7 4.Nc3 O-O 5.e4 d6 6.Be2 e5 7.O-O Nc6 8.d5 Ne7
9.Nd2 a5 10.Rb1 Nd7 11.a3 f5 12.b4 b6 13.f3 h5 14.Nb5 f4 15.c5 bxc5 16.bxc5 Nxc5
17.a4 g5 18.Ba3 Na6 19.Nc4 Rf7 20.Nxa5 Bf8 21.Nc6 Nxc6 22.dxc6 Rg7 23.h3 Qe8
24.Nc3 Be7 25.Qd5+ Kh8 26.Rb7 g4 27.fxg4 hxg4 28.Bxg4 Bxg4 29.hxg4 Qg6 30.Qd1 Rag8
31.Qf3 Bh4 32.Nd1 Qxg4 33.Rb2 Nb8 34.Qxg4 Rxg4 35.Rc2 R8g6 36.Rf3 Nxc6 37.Rxc6 Rxg2+
38.Kf1 Rg1+ 39.Ke2 Re1+ 40.Kd2 Rg2+ 41.Kc1 Rgg1 42.Rd3  1/2-1/2

[Event "Capablanca mem-C"]
[Site "Matanzas"]
[Date "1995.??.??"]
[Round "10"]
[White "Rivera, Alberto"]
[Black "Fuentes, Manuel"]
[Result "0-1"]
[WhiteElo "2370"]
[BlackElo "2375"]

1.d4 Nf6 2.Nf3 g6 3.c4 Bg7 4.Nc3 O-O 5.e4 d6 6.Be2 e5 7.O-O Nc6 8.d5 Ne7
9.Ne1 Ne8 10.Nd3 f5 11.exf5 gxf5 12.f4 e4 13.Nf2 c5 14.g4 Kh8 15.Kh1 Bd7
16.gxf5 Bxc3 17.bxc3 Bxf5 18.Ng4 Nf6 19.Ne3 Rg8 20.Rg1 Qd7 21.Rg5 h6 22.Rg3 Rxg3
23.hxg3 Rg8 24.Qg1 Ng4 25.Bxg4 Bxg4 26.Qh2 Kh7 27.f5 Bf3+ 28.Kg1 Rg5 29.g4 Bxg4
30.Ng2 Rh5 31.Qf4 Bxf5 32.Qf2 Ng6 33.Bf4 Bg4 34.Rb1 Bf3 35.Qg3 Bxg2 36.Qxg2 Nxf4
37.Qxe4+ Ng6  0-1

[Event "Fide Mercenarios 2nd"]
[Site "MEX"]
[Date "1995.??.??"]
[Round "?"]
[White "Calderin, Roberto"]
[Black "Araiza Nieto, Edgar"]
[Result "1-0"]
[WhiteElo "2450"]
[BlackElo "2115"]

1.d4 Nf6 2.Nf3 g6 3.c4 Bg7 4.Nc3 d6 5.e4 O-O 6.Be2 e5 7.O-O Nc6 8.d5 Ne7
9.Ne1 Ne8 10.f3 f5 11.g4 Nf6 12.Be3 f4 13.Bf2 g5 14.c5 h5 15.h3 Kf7 16.cxd6 cxd6
17.Rc1 Bd7 18.Nb5 Bxb5 19.Bxb5 Rh8 20.Kg2 Rh6 21.Nd3 Qh8 22.Rh1 Qh7 23.Rc7 Rh8
24.Nxe5+ dxe5 25.d6 hxg4 26.dxe7 gxf3+ 27.Kf1 Ne8 28.Qd5+ Kg6 29.Rc8 g4 30.Rxe8 Rxh3
31.Qe6+ Kg5 32.Rg1 g3 33.Rxh8 g2+ 34.Ke1 Qxe4+ 35.Kd2 Qb4+ 36.Kc1 e4 37.Qd5+  1-0

[Event "Fide Mercenarios 4th"]
[Site "MEX"]
[Date "1995.??.??"]
[Round "7"]
[White "De Winter, Willy"]
[Black "Lopez, Manuel"]
[Result "0-1"]
[WhiteElo "2170"]
[BlackElo "2230"]

1.d4 Nf6 2.Nf3 g6 3.c4 Bg7 4.Nc3 O-O 5.e4 d6 6.Be2 e5 7.O-O Nc6 8.d5 Ne7
9.Ne1 Nd7 10.Nd3 f5 11.f3 Nf6 12.a4 f4 13.a5 g5 14.c5 Ng6 15.cxd6 cxd6 16.a6 Rf7
17.axb7 Rxb7 18.Nf2 h5 19.Ba6 Rf7 20.Bxc8 Qxc8 21.Bd2 g4 22.Be1 Bf8 23.Rc1 Rg7
24.Nb5 Qd8 25.fxg4 hxg4 26.Nxg4 Nxg4 27.Qxg4 Qb6+ 28.Kh1 Qxb5 29.Qe6+ Kh8
30.Rf3 Qe8 31.Rh3+ Rh7 32.Rc7 Bg7 33.Qxd6 Rxh3 34.gxh3 Rd8 35.Qa3 Qb5 36.Qf3 Kg8
37.h4 Rd6 38.h5 Nf8 39.Qg2 Nd7 40.Rc8+ Kh7 41.Bh4 Qd3 42.Rc1 Nc5 43.Be7 f3
44.Qg4 Qxe4 45.Qxe4+ Nxe4 46.Bxd6 Nxd6 47.Rc6 Bf8 48.Kg1 e4 49.Kf2 Kh6 50.Ra6 Kxh5
51.Rxa7 Kg4 52.Ra8 Bh6 53.Ra4 Bf4 54.h3+ Kf5 55.Ra8 Bh6 56.Rh8 Bg7 57.Rh5+ Kf4
58.Rh4+ Ke5 59.Rh5+ Kd4 60.b4 Kd3 61.Rh4 Bd4+ 62.Kf1 e3  0-1

[Event "Moscow3"]
[Site "Moscow"]
[Date "1995.??.??"]
[Round "?"]
[White "Baikov, Vladimir A"]
[Black "Zaitsev, Igor A"]
[Result "1-0"]
[WhiteElo "2345"]
[BlackElo "2455"]

1.d4 Nf6 2.c4 g6 3.Nc3 Bg7 4.e4 d6 5.Nf3 O-O 6.Be2 e5 7.O-O Nc6 8.d5 Ne7
9.Bg5 Nh5 10.Ne1 Bf6 11.Be3 Nf4 12.Bg4 c5 13.g3 Bxg4 14.Qxg4 Nh5 15.Nd3 Rc8
16.Rae1 Bg7 17.Qe2 f5 18.exf5 Nxf5 19.Ne4 h6 20.g4 Nh4 21.f4 exf4 22.Nxf4 Nxf4
23.Bxf4 Re8 24.Qd3 g5 25.Bg3 Qd7 26.h3 Bxb2 27.Nxd6 Rxe1 28.Rxe1 Rf8 29.Bxh4 Qxd6
30.Bg3 Qf6 31.Kg2 Qd4 32.Qg6+ Qg7 33.Qe6+ Kh7 34.d6 Rf7 35.Qe8 Ba1 36.Qe4+ Kh8
37.Qb1  1-0

[Event "Moscow3"]
[Site "Moscow"]
[Date "1995.??.??"]
[Round "?"]
[White "Ivanov, Timur"]
[Black "Zaitsev, Igor A"]
[Result "1/2-1/2"]
[WhiteElo "2425"]
[BlackElo "2455"]

1.Nf3 Nf6 2.c4 g6 3.Nc3 Bg7 4.e4 d6 5.d4 O-O 6.Be2 e5 7.O-O Nc6 8.d5 Ne7
9.Ne1 c6 10.a4 Bd7 11.Nd3 Rc8 12.f3 Qb6+ 13.Kh1 a5 14.Ra3 Ne8 15.Rb3 Qa7
16.Bg5 Bf6 17.Bd2 Bg7 18.Bg5 Bf6 19.Bd2  1/2-1/2

[Event "RUS-chJ"]
[Site "Moscow"]
[Date "1995.??.??"]
[Round "1"]
[White "Shariyazdanov, Andrey"]
[Black "Dyachkov, Sergej"]
[Result "1/2-1/2"]
[WhiteElo "2460"]
[BlackElo "2490"]

1.d4 d6 2.c4 Nf6 3.Nc3 g6 4.e4 Bg7 5.Be2 O-O 6.Nf3 e5 7.O-O Nc6 8.d5 Ne7
9.b4 Nh5 10.g3 f5 11.Ng5 Nf6 12.f3 c6 13.Be3 Ne8 14.Qb3 f4 15.Bf2 fxg3 16.hxg3 Nf5
17.exf5 Qxg5 18.Ne4 Qxf5 19.c5 Kh8 20.cxd6 Bd7 21.g4 Qf7 22.Ng5  1/2-1/2

[Event "Moscow op2"]
[Site "Moscow"]
[Date "1995.??.??"]
[Round "2"]
[White "Kornev, Alexei"]
[Black "Pankratov, A."]
[Result "0-1"]
[WhiteElo "2360"]
[BlackElo "2325"]

1.Nf3 Nf6 2.c4 g6 3.Nc3 Bg7 4.e4 O-O 5.d4 d6 6.Be2 e5 7.O-O Nc6 8.d5 Ne7
9.Nd2 c6 10.a3 a5 11.Ra2 Rb8 12.b4 axb4 13.axb4 b5 14.dxc6 Nxc6 15.cxb5 Nd4
16.Nf3 Be6 17.Ra3 Ra8 18.Rxa8 Qxa8 19.Bb2 Rc8 20.Nxd4 exd4 21.Qxd4 Nd5 22.Qxg7+ Kxg7
23.exd5 Bd7 24.Ne4+ Kf8 25.Nf6 Rc2 26.Nxd7+ Ke7 27.Bg4 f5 28.Nb6 Qb7 29.Re1+ Kf8
30.Bxf5 gxf5 31.Bd4 f4 32.h3 Rd2 33.Bc5 dxc5 34.bxc5 f3 35.d6 Qg7 36.g4 h5
37.Kh1 hxg4 38.Rg1 Qh7 39.Rg3 Qb1+ 40.Rg1  0-1

[Event "Moscow5"]
[Site "Moscow"]
[Date "1995.??.??"]
[Round "3"]
[White "Mitenkov, Alexey"]
[Black "Ivanov, Mikhail M"]
[Result "1/2-1/2"]
[WhiteElo "2430"]
[BlackElo "2445"]

1.d4 Nf6 2.c4 g6 3.Nc3 Bg7 4.e4 d6 5.Be2 O-O 6.Nf3 e5 7.O-O Nc6 8.dxe5 dxe5
9.Bg5 Qxd1 10.Rfxd1 Bg4 11.h3 Bxf3 12.Bxf3 Nd4 13.Nd5 Nxd5 14.cxd5 c6 15.dxc6 bxc6
16.Rac1 Rfb8 17.b3 a5 18.Rc4 Bf8 19.Kf1 Kg7 20.Be2 Rb4 21.Bd2 Rxc4 22.Bxc4 a4
23.Bc3 axb3 24.axb3 c5 25.Ra1 Rxa1+ 26.Bxa1 Bd6 27.Bc3 f5 28.Ke1 Kf6 29.Kd2 f4
30.Kd3 f3 31.g3 g5 32.Ke3 h5 33.Bxd4 exd4+ 34.Kxf3 Ke5 35.Bd3 Be7 36.h4 gxh4
37.g4 Kf6 38.gxh5 Kg5 39.h6 Bf6 40.h7 Be5 41.Bf1 Bf6 42.Bh3  1/2-1/2

[Event "Moscow-ch op"]
[Site "Moscow"]
[Date "1995.??.??"]
[Round "3"]
[White "Baikov, Vladimir A"]
[Black "Potapenko, A."]
[Result "1-0"]
[WhiteElo "2370"]
[BlackElo "2280"]

1.d4 Nf6 2.c4 g6 3.Nc3 Bg7 4.e4 d6 5.Nf3 O-O 6.Be2 e5 7.O-O Nc6 8.d5 Ne7
9.Bg5 h5 10.b4 Nh7 11.Bd2 Kh8 12.Rc1 Ng8 13.c5 f5 14.c6 b6 15.a4 f4 16.Ne1 Nhf6
17.a5 g5 18.axb6 axb6 19.Ra1 Rxa1 20.Qxa1 Qe7 21.Ba6 Bxa6 22.Qxa6 g4 23.Nd3 Nh6
24.Bxf4 Nxe4 25.Nxe4 exf4 26.Re1 Be5 27.Nxe5 Qxe5 28.Qa1 Qxa1 29.Rxa1 Nf5
30.Ng5 Nd4 31.Kf1 Nc2 32.Ra7 Nxb4 33.Ne6 Rc8 34.Nxc7 Kg8 35.Rb7  1-0

[Event "RUS-chJ"]
[Site "Moscow"]
[Date "1995.??.??"]
[Round "3"]
[White "Kiriakov, Petr"]
[Black "Shinkevich, Vitaly"]
[Result "1-0"]
[WhiteElo "2480"]
[BlackElo "2435"]

1.d4 Nf6 2.c4 g6 3.Nc3 Bg7 4.e4 d6 5.Nf3 O-O 6.Be2 e5 7.O-O Nc6 8.d5 Ne7
9.Ne1 Nd7 10.Be3 f5 11.f3 f4 12.Bf2 g5 13.a4 h5 14.a5 Ng6 15.Nb5 a6 16.Na7 Nf6
17.Nxc8 Rxc8 18.c5 Kh7 19.Kh1 c6 20.dxc6 Rxc6 21.Nd3 dxc5 22.Nxc5 Qe7 23.b4 Rd8
24.Qb3 Nf8 25.Rad1 Rdc8 26.Bc4 N8d7 27.Be6 R8c7 28.Bf5+ Kh6 29.Rd3 Nxc5 30.Bxc5 Qf7
31.Qxf7 Rxf7 32.Rd8 Nh7 33.Re8 Nf6 34.Rb8 g4 35.Rd1 Kg5 36.h3 Rcc7 37.Be6 Nd7
38.Rg8 Nxc5 39.Bxf7 Rxf7 40.bxc5 gxf3 41.gxf3 Kh4 42.Kh2 Rc7 43.Rd5 Bf6 44.Rg6 Bg7
45.Rd8 Rf7 46.Rg8 Bf6 47.Rg2 Rh7 48.Rf8 Be7 49.Rf5 Bxc5 50.Rxe5 Be3 51.Re8 b5
52.axb6 Bxb6 53.Rf8 Be3 54.e5 a5 55.e6 a4 56.e7  1-0

[Event "Moscow5"]
[Site "Moscow"]
[Date "1995.??.??"]
[Round "4"]
[White "Chekhov, Valery A"]
[Black "Nesterov, Jakov"]
[Result "1-0"]
[WhiteElo "2500"]
[BlackElo "2465"]

1.Nf3 d6 2.d4 Nf6 3.c4 g6 4.Nc3 Bg7 5.e4 O-O 6.Be2 e5 7.O-O Nc6 8.dxe5 dxe5
9.Bg5 Qxd1 10.Rfxd1 h6 11.Be3 b6 12.c5 Bb7 13.Nd5 Nxe4 14.Nxc7 Rab8 15.cxb6 axb6
16.Rac1 Nc5 17.Nd5 Nd4 18.Nxd4 Bxd5 19.Nf5 Bxa2 20.Ne7+ Kh7 21.b4 Ne4 22.Nc6 Rb7
23.Ba6 Rbb8 24.Nxb8 Rxb8 25.Bc4  1-0

[Event "Moscow op2"]
[Site "Moscow"]
[Date "1995.??.??"]
[Round "4"]
[White "Danielian, Oganes"]
[Black "Bonoev, Peter"]
[Result "1-0"]
[WhiteElo "2450"]
[BlackElo "2150"]

1.d4 Nf6 2.Nf3 g6 3.c4 Bg7 4.Nc3 d6 5.e4 O-O 6.Be2 e5 7.O-O Nc6 8.d5 Ne7
9.Nd2 a5 10.Rb1 Nd7 11.b3 Qe8 12.a3 f5 13.b4 axb4 14.axb4 b6 15.f3 f4 16.c5 g5
17.Nc4 Rf6 18.g4 fxg3 19.hxg3 Ng6 20.Bxg5 b5 21.Ne3  1-0

[Event "RUS-chJ"]
[Site "Moscow"]
[Date "1995.??.??"]
[Round "5"]
[White "Kiriakov, Petr"]
[Black "Sotnikov, Igor"]
[Result "1-0"]
[WhiteElo "2480"]
[BlackElo "2440"]

1.d4 Nf6 2.c4 g6 3.Nc3 Bg7 4.e4 d6 5.Nf3 O-O 6.Be2 e5 7.O-O Nc6 8.d5 Ne7
9.Ne1 Ne8 10.Be3 f5 11.f3 f4 12.Bf2 h5 13.c5 g5 14.a4 Rf6 15.a5 Rg6 16.cxd6 Nxd6
17.Nd3 g4 18.Bh4 Qf8 19.g3 Bf6 20.fxg4 hxg4 21.Bxf6 Qxf6 22.Rf2 f3 23.Bf1 Bd7
24.Nc5 Rd8 25.Qb3 a6 26.Nd1 Bc8 27.Ne3 Kg7 28.Rc1 Rf8 29.Qd3 Nb5 30.Nc4 Rh6
31.Qe3 Ng6 32.Nd3 Rf7 33.Qc5 Bd7 34.Qe3 Rh5 35.Nc5 Bc8 36.Na3 Nd4 37.Nb3 Kh7
38.Rc4 Nxb3 39.Qxb3 Nf4 40.Qc2 Qg7 41.Rc3 c6 42.Nc4 Bd7 43.dxc6 Bxc6 44.Nd6 Ne6
45.Rxc6 bxc6 46.Nxf7 Qxf7 47.Qxc6 Rh6 48.Qxa6 Nd4 49.Qc8 Qa7 50.Qxg4 Rg6
51.Qh5+ Rh6 52.Qg5 Rc6 53.Qxe5 Rc2 54.Qh5+ Kg7 55.Qg5+ Kh7 56.Qe3 Rc7 57.Kh1 Rb7
58.e5 Rb3 59.Bd3+  1-0